00755nam a2200217 4500001000700000003000900007005001700016007000300033008004100036100002700077245007900104250001300183260003500196300003000231490003000261700003600291830003700327852003200364999001900396952012200415116192ES-MaACL20250911062652.0t|061121s1973 sp r ||||1| spa d1 aOrwell, George.98770310aSin blanca en París y Londres / cGeorge Orwell ; José Miguel Velloso. a1ª. ed. aBarcelona : bDestino, c1973. a224 p. : bil. ; c19 cm.1 aAncora y delfín ; v4071 aVelloso, José Miguel.911385700aÁncora y Delfínv4079151298 aES-MaACLjC-55706 bR.88394 c116192d116192 00104070aATENEOMbATENEOMcDEPO2d2008-01-17eSCl0oC-55706p1121167r2023-02-23 00:00:00w2023-02-23yMONOGRAFIA